01141 a2200229 4500003000500000005001700005010001700022020001500039035002300054040000900077082001500086100002600101245014500127260004400272300003400316505034000350650002600690700002900716942002400745999001900769952012300788Nust20220730130107.0 a 2004271239 a0321174089 a(OCoLC)ocm51453465 cNust00a004.68,ENG1 aEngst, Adam C.99592214aThe wireless networking starter kit :bthe practical guide to Wi-Fi networks for Windows and Macintosh /cby Adam Engst and Glenn Fleishman. aBerkeley, CA :bPeachpit Press,cc2003. axvi, 318 p. :bill. ;c24 cm. aWhy Wireless? (Page-1), Networking Basics (Page-21), How Wireless Works (Page-55), Connecting Your Computer (Page-79), Building Your Wireless Network (Page-113), Wireless Security (Page-163), Talking It On The Road (Page-199), Going The Distance (Page-223), Things That Go Bump In The Net (Page-257), The Future Of Wireless (Page-281). 0aWireless LANs.9944601 aFleishman, Glenn.995923 2ddccBKk004.68,ENG c182627d182627 00102ddc4070aMCSbMCScGENd2016-12-12o004.68,ENGpMCS30313r2016-12-08w2016-12-12yBKzAlmirah No.8, Shelf No.4